=LDR 00000nam 2200000 4500 =001 INLIS000000000022699 =005 20260211092316 =035 ##$$a 0010-061300000022699 =008 260211################g##########0#ind## =041 ##$$a Ind =082 ##$$a 300.07 =090 ##$$a 300.07, Naw m =100 ##$$a Nawawi, Hadari =245 1#$$a Metode penelitian bidang sosial /$c H. Hadari Nawawi =260 ##$$a 2005 :$b Yogyakarta,$c 1995 =300 ##$$a 251 hlm, 21 cm ; $c 21 cm =650 #4$$a Metode penelitian =850 ##$$a NBPNMAT =020 ##$$a 9794200646 =084 ##$$a 300.07 NAW m =250 ##$$a cet.7 =990 ##$$a 08310831 =990 ##$$a 1202600831